| 000 | 00983cam a2200157ua 4500 | ||
|---|---|---|---|
| 041 |
_aeng _h |
||
| 082 |
_a626.31 _bIND/CR |
||
| 100 | _a, . | ||
| 110 | 1 |
_aIndian standards institution . _bISI _c() |
|
| 245 | 0 | 0 |
_aCriteria for design of lined canals and guidelines for selection of type of lining,IS:10430-1982 / _cIndian standards institution. _hTextual Documents |
| 260 |
_aNew Delhi : _bIndian standards institution , _c1983. |
||
| 300 | _a15 ; . | ||
| 504 | _a | ||
| 942 | _cBK | ||
| 999 |
_c4629 _d4629 |
||